Política Alimentaria y Nutricional /

Este libro es una introducción al estudio de las políticas nacionales alimentarias nutricionales.

Gardado en:
Detalles Bibliográficos
Autor Principal: Recalde, Fabián (autor)
Formato: Libro
Idioma:Lingua castelá
Publicado: México : Fondo de Cultura Económica, 1988
Edición:2a edición
Series:(Textos de Economía)
Temas:
Etiquetas: Engadir etiqueta
Sen Etiquetas, Sexa o primeiro en etiquetar este rexistro!

MARC

LEADER 00000nam^a2200000^a^4500
001 000024411
005 20250521000000.0
009 20260310084611.257
020 |a 968-16-2624-9 
037 |a Acervo ITESO - Biblioteca 
041 |a ESP 
082 |a 320. 2  |b REC 
100 |a Recalde, Fabián  |e (autor) 
245 1 0 |a Política Alimentaria y Nutricional /  |c F. Recalde. 
250 |a 2a edición 
264 1 |a México :  |b Fondo de Cultura Económica,  |c 1988 
300 |a 204 p. 
336 |a texto  |b txt  |2 rdacontenido 
337 |a sin mediación  |b n  |2 rdamedio 
338 |a volumen  |b nc  |2 rdasoporte 
440 1 |a (Textos de Economía) 
520 |a Este libro es una introducción al estudio de las políticas nacionales alimentarias nutricionales. 
649 |a XX 
650 |a Política Alimentaria 
910 |a Fondo General 
920 |a Impresos - Libros 
930 |a Colección General 
905 |a 101 
901 |a 0244110100  |b IT1  |c ACC  |i 024411  |u 20250521 
902 |a https://opac.biblio.iteso.mx/vufind/Record/000024411